Dramaturgy and performance

Αποθηκεύτηκε σε:
Λεπτομέρειες βιβλιογραφικής εγγραφής
Κύριος συγγραφέας: Turner, Cathy
Άλλοι συγγραφείς: Behrndt, Synne K.
Μορφή: Βιβλίο
Γλώσσα:English
Δημοσίευση: Houndmills, Basingstoke, Hampshire : Palgrave Macmillan, 2008
Σειρά:Theatre and performance practices
Θέματα:
Ετικέτες: Προσθήκη ετικέτας
Δεν υπάρχουν, Καταχωρήστε ετικέτα πρώτοι!

MARC

LEADER 00000cam a2200000 i 4500
001 1/3517
008 100121s2008 eng d
020 |a 978-1-4039-9656-5 (pbk.) 
020 |a 1-4039-9656-3 (pbk.) 
035 |l 10106403 
040 |a GR-MY-UA  |b gre  |e aacr 
041 0 |a eng 
082 0 |a 792.023  |2 (22) 
100 1 |a Turner, Cathy. 
245 1 0 |a Dramaturgy and performance /  |c Cathy Turner and Synne K. Behrndt 
260 |a Houndmills, Basingstoke, Hampshire :   |b Palgrave Macmillan,   |c 2008 
300 |a xi, 229 σ.;  |c 22 εκ. 
490 1 |a Theatre and performance practices 
504 |a Βιβλιογραφία: σ. 204-218 
504 |a Ευρετήριο: σ. 219-229 
650 0 0 |a Drama  |x Technique. 
700 1 |a Behrndt, Synne K. 
830 0 |a Theatre and performance practices 
852 |a INST  |b LESVOS  |e 20100121  |h 792.023 TUR  |p 005100045991  |q 005100045991  |t BK  |y 0 
901 |a BIBL1-2010-1 
909 |a Λ  |b 160644 
970 |a ΚΑΡΑ  |b ΓΙΑΣΕΜΗ  |z 2010/01/21